Diccionario de geografía urbana, urbanismo y ordenación del territorio

Gespeichert in:
Bibliographische Detailangaben
Hauptverfasser: Zoido Naranjo, Florencio (VerfasserIn), Vega Benayas, Sofía de la (VerfasserIn), Morales Matos, Guillermo (VerfasserIn), Mas Hernández, Rafael (VerfasserIn), Lois González, Rubén C (VerfasserIn)
Format: Buch
Sprache:Spanisch
Veröffentlicht: Barcelona Ariel 2000
Schriftenreihe:Ariel Geografía
Schlagworte:
Tags: Tag hinzufügen
Keine Tags, Fügen Sie den ersten Tag hinzu!

MARC

LEADER 00000nam a2200000 a 4500
001 UCN9716
003 CL-VaPUC
008 011221e20000000SP |||||||||||||||||spa|d
082 0 4 |a 307.76  |b ZOI  |2 21 
100 0 |a Zoido Naranjo, Florencio  |e author  |9 466260 
700 0 |a Vega Benayas, Sofía de la  |e author  |9 466261 
700 0 |a Morales Matos, Guillermo  |e author  |9 466262 
700 0 |a Mas Hernández, Rafael  |e author  |9 466263 
700 0 |a Lois González, Rubén C  |e author  |9 466264 
245 1 0 |a Diccionario de geografía urbana, urbanismo y ordenación del territorio 
300 |a 406 p 
942 |c BK 
945 |d 20011221 00:00:00  |a cmena 
260 |a Barcelona  |b Ariel  |c 2000 
500 |a ALGUNOS EJEMPLARES EN PRESTAMO PERMANENTE AL INST.DE GEOGRAFIA -PROY.MINEDUC 
650 0 |a Comunidades urbanas  |v Diccionarios  |9 466265 
650 0 |a Geografía urbana   |9 466266 
650 0 |a Urbanismo  |9 255208 
583 |a last modification  |c 20011221 00:00:00  |k Rodrigo Vera 
490 0 |a Ariel Geografía 
999 |c 298969  |d 298967 
952 |0 0  |1 0  |4 0  |6 307_760000000000000_ZOI_2000  |7 0  |8 X  |9 355055  |a BIBING  |b BIBING  |d 2019-11-21  |i 3785483  |o 307.76 ZOI 2000  |p 3785483  |r 2025-01-20  |w 2019-11-21  |y BK_X  |k GEO